Oil Export Dependent Countries - Statistics

General Stats
  • This quiz has been taken 49,927 times
    24,584 since last reset
  • The average score is 15 of 25
Answer Stats
% Country % Correct
77.0 Saudi Arabia
97%
53.4 Iran
93%
96.9 Iraq
92%
52.2 United Arab Emirates
91%
72.1 Oman
90%
85.0 Qatar
90%
91.8 Kuwait
87%
64.7 Yemen
85%
67.5 Venezuela
76%
96.1 Libya
63%
88.3 Algeria
62%
89.1 Nigeria
62%
66.9 Norway
58%
88.4 Azerbaijan
50%
55.1 Rep. of the Congo
45%
94.1 Angola
43%
92.4 Chad
43%
59.6 Turkmenistan
40%
78.7 Brunei
37%
58.2 Cameroon
35%
63.7 Gabon
35%
89.9 Equatorial Guinea
32%
98.7 South Sudan
32%
69.1 Guyana
29%
91.8 East Timor
16%
No matching quizzes found
Score Distribution
Percent of People with Each Score
Percentile by Number Answered
Your Score History
You have not taken this quiz since the last reset